| 000 | 01367pam a2200361 a 4500 | ||
|---|---|---|---|
| 001 | 4452390 | ||
| 003 | OSt | ||
| 005 | 20240325155533.0 | ||
| 008 | 950609s1996 enka b 001 0 eng c | ||
| 010 | _a 95030733 | ||
| 020 | _a0192621408 (set : hbk) | ||
| 020 | _a0192627066 (v. 1) | ||
| 020 | _a0192627074 (v. 2) | ||
| 020 | _a0192627082 (v. 3) | ||
| 040 |
_aDNLM/DLC _cDLC _dDLC |
||
| 050 | 0 | 0 |
_aRC46 _b.O995 1996 |
| 082 | 0 | 0 |
_aWB 100 O2d 1996 _220 |
| 245 | 0 | 0 |
_aOxford textbook of medicine / _cedited by D.J. Weatherall, J.G.G. Ledingham, D.A. Warrell. |
| 250 | _a3rd ed. | ||
| 260 |
_aOxford ; _aNew York : _bOxford University Press, _c1996. |
||
| 300 |
_a3 v. (xlvii, 4376, 170 p.) : _bill. (some col.) ; _c29 cm. |
||
| 504 | _aIncludes bibliographical references and index. | ||
| 650 | 0 |
_aInternal medicine. _9849 |
|
| 650 | 1 | 2 |
_aMedicine. _9324 |
| 700 | 1 |
_aWeatherall, D. J. _916933 |
|
| 700 | 1 |
_aLedingham, J. G. G. _916934 |
|
| 700 | 1 |
_aWarrell, D. A. _916935 |
|
| 856 | 4 | 2 |
_3Publisher description _uhttp://www.loc.gov/catdir/enhancements/fy0637/95030733-d.html |
| 856 | 4 | 1 |
_3Table of contents only _uhttp://www.loc.gov/catdir/enhancements/fy0637/95030733-t.html |
| 906 |
_a7 _bcbc _corignew _d1 _eocip _f19 _gy-gencatlg |
||
| 942 |
_2z _cO_SHELF |
||
| 999 |
_c8285 _d8285 |
||